Capitals of the 16 german states - Statistics

General Stats
  • This quiz has been taken 2,428 times
  • The average score is 11 of 16
Answer Stats
Hint Answer % Correct
Berlin Berlin
97%
Hamburg Hamburg
95%
Bremen Bremen
88%
Baden-Württemberg Stuttgart
81%
Sachsen Dresden
79%
Bayern München
79%
Nordrhein-Westfalen Düsseldorf
76%
Schleswig-Holstein Kiel
67%
Saarland Saarbrücken
66%
Brandenburg Potsdam
63%
Niedersachsen Hannover
62%
Rheinland-Pfalz Mainz
56%
Thüringen Erfurt
54%
Hessen Wiesbaden
51%
Sachsen-Anhalt Magdeburg
50%
Mecklenburg-Vorpommern Schwerin
48%
No matching quizzes found
Score Distribution
Percent of People with Each Score
Percentile by Number Answered
Your Score History
You have not taken this quiz